Historické víťazstvo mladíkov hokejová Slovnaft extraliga - piatkové 24. kolo: Slovan si upevnil vedenie

Bibliographic Details
Format: Article
Language:Slovak
PhysicalDescription:Fotogr.
ISSN:0139-7001
Subjects:

MARC

LEADER 00000nab a2200000 ar4500
001 vtls009162732
003 SK-MaSNL
005 20260303063353.0
008 071127c20071119xo mr|p|||||||000 b|slo
015 |a SNKBUCL2007/11  |2 snkbucl 
038 |a SNKBUCL 
040 |a SNKBUCL  |b slo  |c SNKBUCL  |e AACR2 
041 0 |a slo 
044 |a xo  |c SK 
080 |a 796.966.093.1  |2 2001 
245 0 0 |a Historické víťazstvo mladíkov  |b hokejová Slovnaft extraliga - piatkové 24. kolo: Slovan si upevnil vedenie 
300 |b Fotogr. 
648 7 |a sezóna 2007/2008  |2 snkbucl  |9 831001 
650 0 7 |a ľadový hokej  |2 snkbucl  |9 3231 
650 0 7 |a 24. kolo  |2 snkbucl  |9 872965 
650 0 7 |a extraliga  |2 snkbucl  |9 18992 
773 0 |t Šport  |g Roč. 61, č. 265 (19.11.2007), s. 16-18  |x 0139-7001 
852 |a SNK  |b KIS3GCP 
999 |c 1742794  |d 1744724